| 000 | 00810cab a2200241 4500 | ||
|---|---|---|---|
| 001 | WB3424-10 | ||
| 008 | 090401t1998 xxu||||| |||| 00| 0 eng d | ||
| 035 | _a(Sirsi) u87058 | ||
| 041 | _aeng | ||
| 245 | _aElectricity lines pose threat of cancer | ||
| 260 | _c1998 | ||
| 350 | _a0 | ||
| 490 |
_aIndependent _v26 June 1998, 5(1) |
||
| 520 | _aA panel of Amercian experts has concluded that electricity pylons and power lines do pose a cancer risk. However the spokesperson for the National Radiological Protection Board said that the evidence was not convincing. | ||
| 650 | _aCANCER | ||
| 650 | _aELECTRICITY POWER LINES | ||
| 650 | _aELECTRICITY PYLONS | ||
| 650 | _aEXPERTS | ||
| 650 | _aHEALTH HAZARDS | ||
| 690 | _aENVIRONMENTAL AND LAND CONSULTANCY | ||
| 942 | _n0 | ||
| 948 | _c26/06/1998 | ||
| 999 |
_c54854 _d54854 |
||